[Event "US Masters op"]
[Site "Greensboro"]
[Date "2018.08.17"]
[Round "1"]
[White "Xiong, Jeffery"]
[Black "Mandizha, Farai"]
[Result "1-0"]
[WhiteElo "2650"]
[BlackElo "2379"]
[PlyCount "85"]
[EventDate "2018.08.17"]
[EventType "swiss"]
[EventRounds "9"]
[EventCountry "USA"]
[SourceTitle "CBM 186 Extra"]
[Source "ChessBase"]
[SourceDate "2018.08.24"]
[SourceVersion "1"]
[SourceVersionDate "2018.08.24"]
[SourceQuality "1"]

1. e4 c5 2. Nf3 Nc6 3. Bb5 d6 4. 0-0 Bd7 5. Re1 g6 6. c3 Bg7 7. d4 Qb6 8. Ba4 cxd4 9. cxd4 Nxd4 10. Bxd7+ Kxd7 11. Be3 e5 12. Nc3 Ne7 13. Nxd4 exd4 14. Na4 Qb5 15. Bxd4 Bxd4 16. Qxd4 Nc6 17. Qd1 Rhe8 18. Nc3 Qxb2 19. Qf3 b6 20. Qxf7+ Re7 21. Qf3 Ne5 22. Qg3 Rc8 23. Nd5 Rf7 24. Rad1 g5 25. Ne3 Rc3 26. Rf1 Ra3 27. Rd5 Kc7 28. Rfd1 Rxa2 29. Nf5 Rf6 30. h3 Ra3 31. Ne3 Ra1 32. Rxa1 Qxa1+ 33. Kh2 Kb7 34. Qxg5 Rxf2 35. Qe7+ Ka6 36. Qc7 Rf7 37. Qc8+ Rb7 38. Nc2 Qa4 39. Rd1 Qd7 40. Ra1+ Kb5 41. Nd4+ Kb4 42. Rb1+ Ka5 43. Qc3+ 1-0

[Event "Philadelphia int op 12th"]
[Site "Philadelphia"]
[Date "2018.06.29"]
[Round "3"]
[White "Chasin, Nico Werner"]
[Black "Mandizha, Farai"]
[Result "1/2-1/2"]
[WhiteElo "2123"]
[BlackElo "2390"]
[PlyCount "124"]
[EventDate "2018.06.28"]
[EventType "swiss"]
[EventRounds "9"]
[EventCountry "USA"]
[SourceTitle "CBM 185 Extra"]
[Source "ChessBase"]
[SourceDate "2018.07.29"]
[SourceVersion "1"]
[SourceVersionDate "2018.07.29"]
[SourceQuality "1"]

1. c4 Nf6 2. Nc3 g6 3. d4 Bg7 4. e4 d6 5. Nf3 0-0 6. Be2 e5 7. d5 Na6 8. 0-0 Nc5 9. Qc2 a5 10. Ne1 Bd7 11. f3 Nh5 12. Nd3 b6 13. Be3 f5 14. b3 Nf6 15. a3 f4 16. Bf2 g5 17. b4 Nxd3 18. Qxd3 g4 19. Bh4 h5 20. Qd1 Qe8 21. c5 Qg6 22. cxd6 cxd6 23. Kh1 Bh6 24. Bb5 Bc8 25. Bc6 Ra7 26. Na4 Rg7 27. Qe2 g3 28. Nxb6 Bg5 29. Bxg5 Qxg5 30. Nxc8 Qh4 31. h3 Rxc8 32. bxa5 Ng4 33. a6 Nf2+ 34. Kg1 Kh8 35. Rxf2 gxf2+ 36. Qxf2 Rxg2+ 37. Kxg2 Rg8+ 38. Kf1 Qxh3+ 39. Ke2 Rg2 40. a7 Rxf2+ 41. Kxf2 Qg3+ 42. Ke2 Qg2+ 43. Kd3 Qxf3+ 44. Kc4 Qxe4+ 45. Kb5 Qd3+ 46. Kb6 Qd4+ 47. Kb7 Qxa1 48. a8Q+ Kg7 49. Qa5 Qb2+ 50. Kc8 Kg6 51. Qa6 Qc3 52. Kd8 Kf5 53. Bd7+ Ke4 54. Qxd6 f3 55. Bc6 f2 56. Qg6+ Kd4 57. Qf7 Ke3 58. Qf6 h4 59. Qg5+ Kf3 60. Qf5+ Kg3 61. Qg5+ Kf3 62. Qf5+ Kg3 1/2-1/2

[Event "New York Int op 11th"]
[Site "New York"]
[Date "2018.06.14"]
[Round "2"]
[White "Mandizha, Farai"]
[Black "Rowe, Duane"]
[Result "0-1"]
[WhiteElo "2390"]
[BlackElo "2096"]
[PlyCount "54"]
[EventDate "2018.06.13"]
[EventType "swiss"]
[EventRounds "9"]
[EventCountry "USA"]
[SourceTitle "CBM 185 Extra"]
[Source "ChessBase"]
[SourceDate "2018.07.29"]
[SourceVersion "1"]
[SourceVersionDate "2018.07.29"]
[SourceQuality "1"]

1. Nf3 Nf6 2. c4 Nc6 3. d4 e6 4. a3 d6 5. Nc3 g6 6. Bg5 h6 7. Bh4 Bg7 8. e3 0-0 9. h3 Ne7 10. g4 Nh7 11. Bd3 f5 12. gxf5 exf5 13. Qc2 g5 14. Bg3 Nf6 15. 0-0-0 Nh5 16. h4 g4 17. Ne1 f4 18. exf4 Nxf4 19. Be4 Nc6 20. Bh7+ Kh8 21. Qe4 Ne6 22. Nc2 Ncxd4 23. Nxd4 Nxd4 24. Rxd4 Bxd4 25. Qxd4+ Kxh7 26. Nd5 c6 27. Ne3 Qf6 0-1

[Event "Charlotte CCCSA GM-B"]
[Site "Charlotte"]
[Date "2018.06.09"]
[Round "6"]
[White "Mandizha, Farai"]
[Black "Shmeliov, Denis"]
[Result "0-1"]
[WhiteElo "2390"]
[BlackElo "2456"]
[PlyCount "98"]
[EventDate "2018.06.06"]
[EventType "tourn"]
[EventRounds "9"]
[EventCountry "USA"]
[EventCategory "8"]
[SourceTitle "CBM 184 Extra"]
[Source "ChessBase"]
[SourceDate "2018.06.28"]
[SourceVersion "1"]
[SourceVersionDate "2018.06.28"]
[SourceQuality "1"]

1. c4 c6 2. e4 d5 3. exd5 cxd5 4. d4 Nf6 5. Nc3 e6 6. Nf3 Bb4 7. Qa4+ Nc6 8. Ne5 Bd7 9. Nxc6 Bxc3+ 10. bxc3 Bxc6 11. Qb3 0-0 12. c5 b6 13. cxb6 Rb8 14. Bf4 Rxb6 15. Qa3 Qd7 16. Be5 Qb7 17. Bxf6 Rb1+ 18. Kd2 Rb2+ 19. Ke3 gxf6 20. Bd3 Rb6 21. Bxh7+ Kg7 22. Bd3 e5 23. Rab1 Re8 24. Kd2 Qd7 25. Rxb6 axb6 26. dxe5 fxe5 27. Qb4 Ra8 28. Ra1 d4 29. a4 Qg4 30. cxd4 Qf4+ 31. Ke2 Re8 32. Kf1 Qxh2 33. d5 Qh1+ 34. Ke2 Qxa1 35. Qg4+ Kf8 36. Qb4+ Kg7 37. Qg4+ Kf8 38. Qb4+ Re7 39. dxc6 Qa2+ 40. Ke3 Qd5 41. Be4 Qd8 42. g4 Kg7 43. Kf3 Re6 44. Qc3 Re7 45. Qb2 Ra7 46. Kg2 Ra5 47. Qc3 Rc5 48. Qh3 Qh8 49. Qe3 Qh6 0-1

[Event "Charlotte CCCSA GM-B"]
[Site "Charlotte"]
[Date "2018.06.08"]
[Round "4"]
[White "Mandizha, Farai"]
[Black "Panchanathan, Magesh Chandran"]
[Result "1/2-1/2"]
[WhiteElo "2390"]
[BlackElo "2480"]
[PlyCount "40"]
[EventDate "2018.06.06"]
[EventType "tourn"]
[EventRounds "9"]
[EventCountry "USA"]
[EventCategory "8"]
[SourceTitle "CBM 184 Extra"]
[Source "ChessBase"]
[SourceDate "2018.06.28"]
[SourceVersion "1"]
[SourceVersionDate "2018.06.28"]
[SourceQuality "1"]

1. d4 Nf6 2. c4 e6 3. g3 d5 4. Nf3 Bb4+ 5. Bd2 Be7 6. Bg2 0-0 7. Qc2 Nbd7 8. 0-0 Ne4 9. Nc3 Nxd2 10. Nxd2 dxc4 11. Nxc4 Nb6 12. Na5 Qxd4 13. Nxb7 Bxb7 14. Bxb7 Rab8 15. Be4 Nc4 16. Rfd1 Qe5 17. Rab1 Bf6 18. Rd7 g6 19. Na4 Rb4 20. Bd3 Nxb2 1/2-1/2